Worst Offenses in College Football 2023 - Statistics

General Stats
  • This quiz has been taken 25 times
  • The average score is 10 of 25
Answer Stats
Team Yards per Game % Correct
Iowa 235.4
81%
Kent State 270.4
57%
Rutgers 306.2
57%
Akron 278.6
52%
Arizona State 322.3
52%
Buffalo 318.8
48%
Nevada 300.0
48%
Ball State 308.1
43%
FIU 320.3
43%
Minnesota 300.9
43%
Nebraska 312.8
43%
Vanderbilt 319.0
43%
Navy 300.0
38%
San Diego State 326.0
38%
Army 311.5
33%
BYU 309.8
33%
Pittsburgh 317.9
33%
East Carolina 277.3
29%
Eastern Michigan 264.1
29%
Louisiana-Monroe 321.1
29%
Michigan State 289.3
29%
Northwestern 303.9
29%
Charlotte 312.8
14%
Miami (OH) 323.5
14%
Sam Houston 311.4
14%
No matching quizzes found
Score Distribution
Percent of People with Each Score
Percentile by Number Answered
Your Score History
You have not taken this quiz